Avatar the Last Airbender Characters Dos Quiz Stats

 Plays Quiz not verified by Sporcle

Also try: Channel Surfing
Challenge
Share
Tweet
Embed
Score 0/21 Timer 07:00
0 Plays Today
Known as Characters Names % Correct
Current Avatar (Air Nomad)Avatar Aang
99.8%
Current Avatar's girlfriendKatara
99.3%
Her brotherSokka
97.5%
His crul sisterAzula
97.5%
Banished PrinceZuko
97.3%
Avatar's BisonAppa
97%
Avatar's lemmerMomo
96.3%
Avatar before the Air nomad (Fire Nation)Avatar Roku
96%
Current Fire LordOzai
96%
Sokka's girlfriendSuki
95%
Zuko's girlfriendMai
94%
Known as Characters Names % Correct
king of OmoshuKing Bumi
90.6%
Avatar before him (Earth Kingdom)Avatar Kyoshi
90.1%
BloodbenderHama
86.4%
The Moon SpiritPrincess Yue
85.9%
Next Avatar (Water Tribe)Avatar Korra
82.9%
Fire Lord before himSozin
75.7%
Avatar before her (Water Tribe)Avatar Kuruk
73%
Avatar before him (Air Nomad)Avatar YangChen
72.7%
Blind BanditToph BeiFong
49.1%
Son of Aang and KataraTenzen
16.4%

You're not logged in!

Compare scores with friends on all Sporcle quizzes.
Join for Free
OR
Log In

You Might Also Like...

Show Comments

Extras

Top Quizzes Today


Score Distribution

Your Account Isn't Verified!

In order to create a playlist on Sporcle, you need to verify the email address you used during registration. Go to your Sporcle Settings to finish the process.

Report this User

Report this user for behavior that violates our Community Guidelines.

Details: